| 000 | 00644nam a2200181Ia 4500 | ||
|---|---|---|---|
| 008 | 090124s9999 xx 000 0 und d | ||
| 082 | _b26294 | ||
| 100 | _aपंडित नलिनी | ||
| 245 | _a" धर्म, शासन आणि समाज" | ||
| 250 | _a2 | ||
| 260 |
_bडी.डी.कोसंबी एज्युकेशनल ट्रस्ट _c1987 |
||
| 300 | _a81 | ||
| 600 | _aपंडित नलिनी | ||
| 630 | _a" धर्म, शासन आणि समाज" | ||
| 700 | _aपंडित नलिनी | ||
| 730 | _a" धर्म, शासन आणि समाज" | ||
| 942 | _cBOOK | ||
| 999 |
_c93785 _d93785 |
||